00438nam a2200145Ia 4500003000400000008004200004040001600046082001700062100001700079245008400096260004900180300001000229650003200239650002100271GCL140319s9999 xx 000 0 aRus d aGCL / cGCL04a320.956bT C1 aTIBI, BASSAM10aLA CONSPIRACION, AL - MUAMARAH: ET TRAUMA DE LA POLITICA ARABA / cTIBI, BASSAM a[S.N] : bEMPRESA EDITORIAL HERDER ، c1996 a374 P04aARABIC COUNTRIES - POLITICS04aARABIC COUNTRIES